000 00958nam a22002175i 4500
001 151817
003 ES-MaACL
005 20230906204409.0
008 051006s1874 fr | |||||||| ||fre d
040 _aCAM
_bspa
_cCAM
100 1 _aBelot, Adolphe.
_927316
245 1 3 _aLe beau-frère
_b: pièce en cinq actes /
_cde Adolphe Belot ; tirée du roman de Hector Malot.
260 _aParis :
_bE. Dentu,
_c1874 (
_ePossy :
_fTyp. S. Lejay et C.)
300 _a121 p. ;
_c19 cm.
490 1 _aBibliothèque spéciale de la Société des auteurs et compositeurs dramatiques
500 _aRepresentada por primera vez en el Théatre du Gymnase Dramatique, 1º septiembre 1873.
700 1 _aMalot, Hector.
_975849
830 0 _aBibliothèque spéciale de la Société des auteurs et compositeurs dramatiques
_9187679
852 _aES-MaACL
_jD-2366
_z-- Rúst.
_z-- Sello de la Société des Auteurs et Compositeurs Dramatiques
999 _c151817
_d151817